000
00314nam a2200145Ia 4500
100
_a
Stubbs. Daniel/ Weber/A.H
942
_c
BK
654
_a
Data structures
245
_a
Data structures
260
_b
Brooks/cole Pub Co
_c
1987
082
_a
5.73
_b
STU/WEB
300
_a
556
546
_a
ENGLISH
999
_c
32126
_d
32126